000 00819nam a22002417a 4500
003 0
005 20260204121552.0
008 260204b xxu||||| |||| 00| 0 eng d
020 _a978-971-009-738-8
050 _aFIL 616.024
_bCh514 2017
082 _aFIL 616.024
_bCh514 2017
100 _aGatmaitan, Luis P.
240 _aCheckup time, Adam and Audrey!
_lEnglish
245 _aCheckup time, Adam at Audrey!
_cLuis P. Gatmaitan
260 _aMandaluyong City, Philippines :
_bHiyas,
_c2017.
300 _a24 pages :
_bcolored illustrations ;
_c17 cm.
546 _aFilipino; English
650 _aMedical examinations
_vJuvenile literature.
650 _aChildren
_vHealth and hygiene
_xJuvenile literature.
650 _aHealth
_vJuvenile literature.
700 _aVendivil, Cy,
_eillustrator.
942 _2ddc
_cBK
999 _c368778
_d368778